000 00702nam a22002057a 4500
010 _aA-904941
020 _a8170002141
_c900(set)
035 _aA-904941
040 _aDPL
_bEn
082 _a027.4
_bRAM
100 _aRamaiah, L. S.
245 _aPublic library systems : services & networking :
_ba festschrift presented to Prof. K. Sarada /
_cby L S Ramaiah
260 _aDelhi
_bEss Ess Publications,
_c1997
270 _a4837/24 Ansari Road, Darya Ganj
_bNew Delhi
_e110002
300 _av 2. 233p ;
_c27cm(Hb)
650 _aSarada, K., -- 1935-
650 _aPublic libraries -- India.
650 _aLibrary information networks -- India.
942 _2ddc
_cEN
_h027.4
_mRAM
999 _c136938
_d136938